| Tag |
First Indicator |
Second Indicator |
Subfields |
| LEADER |
00000cam a2200000Ia 4500 |
| 001 |
in00001677832 |
| 005 |
20151024130902.0 |
| 008 |
010129s2000 ohua 001 0 eng |
| 010 |
|
|
|a 00106697
|
| 020 |
|
|
|a 1929685130
|
| 035 |
|
|
|a (OCoLC)ocm45808486
|
| 040 |
|
|
|a ORX
|c ORX
|d LEO
|d VHB
|d UtOrBLW
|
| 049 |
|
|
|a TXAM
|
| 090 |
|
|
|a T385
|b .S386 2000
|
| 100 |
1 |
|
|a Shafran, Andrew Bryce.
|
| 240 |
1 |
0 |
|a Creating Paint Shop Pro web graphics
|
| 245 |
1 |
0 |
|a Paint Shop Pro web graphics :
|b the guide to creating dazzling graphics for your web pages /
|c written by Andy Shafran & Lori J. Davis ; with Sarah Arnott.
|
| 250 |
|
|
|a 3rd ed.
|
| 264 |
|
1 |
|a Cincinnati, Ohio :
|b Muska & Lipman,
|c [2000]
|
| 264 |
|
4 |
|c ©2000
|
| 300 |
|
|
|a xi, 338 pages :
|b color illustrations ;
|c 23 cm.
|
| 336 |
|
|
|a text
|b txt
|2 rdacontent
|
| 337 |
|
|
|a unmediated
|b n
|2 rdamedia
|
| 338 |
|
|
|a volume
|b nc
|2 rdacarrier
|
| 500 |
|
|
|a "Completely revised for Paint Shop Pro 7"--Cover.
|
| 500 |
|
|
|a Previous edition titled: Creating Paint Shop Pro web graphics, c1998.
|
| 500 |
|
|
|a Includes index.
|
| 630 |
0 |
0 |
|a PaintShop Pro.
|
| 630 |
0 |
4 |
|a Paint shop pro 7.
|
| 650 |
|
0 |
|a Computer graphics.
|
| 650 |
|
0 |
|a Web publishing.
|
| 650 |
|
0 |
|a Web sites
|x Design.
|
| 700 |
1 |
|
|a Davis, Lori J.
|
| 700 |
1 |
|
|a Arnott, Sarah.
|
| 948 |
|
|
|a cataloged
|b h
|c 2002/7/25
|d c
|e cmulkey
|f 3:07:54 pm
|
| 994 |
|
|
|a E0
|b TXA
|
| 999 |
|
|
|a MARS
|
| 999 |
f |
f |
|s d5fb8f49-032d-3d75-922f-e28ab0bb078e
|i 0105a779-2ce8-3ceb-b28b-6ac010256059
|t 0
|